Transitions (Record no. 5828)
[ view plain ]
| 000 -LEADER | |
|---|---|
| fixed length control field | 00639nas a22002057i 4500 |
| 001 - CONTROL NUMBER | |
| control field | 6192 |
| 003 - CONTROL NUMBER IDENTIFIER | |
| control field | OSt |
| 005 - DATE AND TIME OF LATEST TRANSACTION | |
| control field | 20170126082353.0 |
| 007 - PHYSICAL DESCRIPTION FIXED FIELD--GENERAL INFORMATION | |
| fixed length control field | tu |
| 008 - FIXED-LENGTH DATA ELEMENTS--GENERAL INFORMATION | |
| fixed length control field | 161220s xxu||||| |||| 00| 0 d |
| 022 ## - INTERNATIONAL STANDARD SERIAL NUMBER | |
| International Standard Serial Number | 1211-0205 |
| 024 7# - OTHER STANDARD IDENTIFIER | |
| Standard number or code | 6192 |
| Source of number or code | RID |
| 024 7# - OTHER STANDARD IDENTIFIER | |
| Standard number or code | 6192 |
| Source of number or code | RSN (alt) |
| 040 ## - CATALOGING SOURCE | |
| Transcribing agency | OSt |
| 110 2# - MAIN ENTRY--CORPORATE NAME | |
| Corporate name or jurisdiction name as entry element | Institut novinarstvi transformacnich zemi |
| 245 00 - TITLE STATEMENT | |
| Title | Transitions |
| 260 ## - PUBLICATION, DISTRIBUTION, ETC. | |
| Place of publication, distribution, etc. | Prag : |
| Name of publisher, distributor, etc. | Institut novinarstvi transformacnich zemi. |
| 866 #0 - TEXTUAL HOLDINGS--BASIC BIBLIOGRAPHIC UNIT | |
| -- | 1995 1/3 - 1999 6/3 |
| 866 #0 - TEXTUAL HOLDINGS--BASIC BIBLIOGRAPHIC UNIT | |
| -- | Einzeltitel nicht einzeln erfasst<br><br>Bestände unvollständig<br>vorhanden:<br>1995 1/3 - 1999 6/3<br><br>fehlend:<br>1995 1/20<br>1996 2/5<br>1997 4/5 |
| 942 ## - ADDED ENTRY ELEMENTS (KOHA) | |
| Koha item type | Journal |
| Withdrawn status | Lost status | Damaged status | Not for loan | Home library | Current library | Shelving location | Date acquired | Inventory number | Total Checkouts | Barcode | Date last seen | Price effective from | Koha item type |
|---|---|---|---|---|---|---|---|---|---|---|---|---|---|
| WIIW | WIIW | Library | 08/04/2004 | 6192 | 10001672 | 01/26/2017 | 01/26/2017 | Journal |
